Manual de traumatología (con especial consideración de las fracturas de cráneo) / (Record no. 34890)

MARC details
000 -LEADER
campo de control de longitud fija 00601nam a2200181 i 4500
001 - NÚMERO DE CONTROL
campo de control 34890
003 - IDENTIFICADOR DE NÚMERO DE CONTROL
campo de control ES-MaACL
005 - FECHA Y HORA DE LA ÚLTIMA TRANSACCIÓN
campo de control 20230906155021.0
007 - CAMPO FIJO DE DESCRIPCIÓN FÍSICA--INFORMACIÓN GENERAL
campo de control de longitud fija t|
008 - DATOS DE LONGITUD FIJA--INFORMACIÓN GENERAL
campo de control de longitud fija 030211s1952 sp ||||1| spa d
100 1# - ENTRADA PRINCIPAL--NOMBRE DE PERSONA
Nombre de persona Bonnín, J. G.
9 (RLIN) 30283
245 10 - MENCIÓN DEL TÍTULO
Título Manual de traumatología (con especial consideración de las fracturas de cráneo) /
Mención de responsabilidad, etc. J. G. Bonnín ; versión española de Luis Luna Pérez.
250 ## - MENCION DE EDICION
Mención de edición 1ª ed.
260 ## - PUBLICACIÓN, DISTRIBUCIÓN, ETC.
Lugar de publicación, distribución, etc. Madrid :
Nombre del editor, distribuidor, etc. Ediciones Morata,
Fecha de publicación, distribución, etc. 1952 (
Fabricante Diana)
300 ## - DESCRIPCIÓN FÍSICA
Extensión 798 p. :
Otras características físicas il. ;
Dimensiones 21 cm.
700 1# - ENTRADA AGREGADA--NOMBRE PERSONAL
Nombre de persona Luna Pérez, Luis.
9 (RLIN) 74775
852 ## - LOCALIZACIÓN
Ubicación ES-MaACL
Número de control de estantería D-8108
Sublocalización o colección R.32333
Holdings
Estatus retirado Estado de pérdida Estado de daño No para préstamo Biblioteca de origen Biblioteca actual Ubicación en estantería Fecha de adquisición Fuente de adquisición Total de préstamos Signatura topográfica completa Código de barras Visto por última vez Precio de reemplazo Tipo de ítem Koha
        Biblioteca del Ateneo de Madrid Biblioteca del Ateneo de Madrid Sala Valle Inclán 17/01/2008     D-8108 901036437 23/02/2023 23/02/2023 Libro impreso